| 000 | 00904nam a22002778x 4500 | ||
|---|---|---|---|
| 001 | 2510188 | ||
| 008 | 961001r19961995enk 00000 eng b | ||
| 015 | _ab96Z3296 | ||
| 020 | _a0099521210 | ||
| 040 | 0 | 0 | _aBDS |
| 041 | 1 | 0 | _aengswe |
| 082 | 0 | 0 |
_a839.7374 _220 |
| 100 | 1 | 0 |
_aEkman, Kerstin. _9284 |
| 240 | 1 | 0 |
_aHändelser vid vatten. _lEnglish |
| 245 | 1 | 0 |
_aBlackwater / _cKerstin Ekman ; translated from the Swedish by Joan Tate. |
| 260 |
_aLondon : _bVintage, _c1996. |
||
| 300 |
_a432 p. ; _c20 cm. |
||
| 350 | 0 | 0 | _a£5.99 : CIP entry (May.) |
| 500 | _aThis translation originally published: London : Chatto & Windus, 1995. | ||
| 546 | 0 | 0 | _aTranslated from the Swedish. |
| 650 | 0 |
_aSwedish fiction _y20th century _xTranslations into English. _9837 |
|
| 650 | 0 |
_aEnglish fiction _y20th century _xTranslated from Swedish. _9838 |
|
| 942 |
_2ddc _cBK |
||
| 956 | _aNLS | ||
| 999 |
_c167 _d167 |
||